| 000 | 005600000a22002050004500 | ||
|---|---|---|---|
| 003 | LK-CoMWRAF | ||
| 005 | 20231215152244.0 | ||
| 008 | 230817t1980 ||||| |||| 00| 0 eng d | ||
| 020 | _a0860371611 | ||
| 040 |
_aLK-CoMWRAF _dLK-CoMWRAF _eLK-CoMWRAF |
||
| 041 | _aeng | ||
| 082 |
_a305.48 _bBAS |
||
| 100 | _aBashier, Zakaria | ||
| 245 | _a Muslim women in the midst of change | ||
| 260 |
_aLeicester: _bThe Islamic Foundation, _c1980 |
||
| 300 | _a32 p.; 21 cm | ||
| 650 | _aMuslim women | ||
| 650 | _aIslamic countries-Role of Muslim women | ||
| 942 | _cBK | ||
| 999 |
_c1977 _d1977 |
||